000 00549nam a22001697a 4500
003 NUST
038 _aNusrat Nadeem
082 _a200
100 _aMajid, Marium
_9125382
245 _aElectroSave/TransfoSave – Efficient Electrical Distribution System/
_cMarium Majid,
264 _aIslamabad;
_bNBS NUST;
_c2024.
300 _a58,p;
_bill;
_c30,cm.
650 _aExecutive MBA 
_9125080
700 _aSupervisor: Dr. Yasmine Muhammad Javaid Iqbal
_9118386
856 _u http://10.250.8.41:8080/xmlui/handle/123456789/45910
942 _2ddc
_cSC
999 _c611132
_d611132